[Event "Qatar Masters op"]
[Site "Doha"]
[Date "2015.12.29"]
[Round "9"]
[White "Yu, Yangyi"]
[Black "So, Wesley"]
[Result "1-0"]
[WhiteElo "2736"]
[BlackElo "2775"]
[Annotator "Yu,Yangyi"]
[PlyCount "153"]
[EventDate "2015.12.20"]
[EventType "swiss"]
[EventRounds "9"]
[EventCountry "QAT"]
[SourceTitle "CBM 170"]
[Source "ChessBase"]
[SourceDate "2016.01.15"]
[SourceVersion "1"]
[SourceVersionDate "2016.01.15"]
[SourceQuality "1"]

{Before the final round Vladimir Kramnik and I shared second and third place
with 6.0/8 each. Magnus Carlsen was leading the tournament with half a point
ahead of us. When I saw that Carlsen would play with White against Kramnik in
the final round, I felt that their game would very likely end in a draw.  I
had to play with White against Wesley So in the final round. If memory serves
me right, I think our past encounters have always ended in draws. Wesley is
widely viewed as an excellent and solid player. Thus, I knew that if I wanted
to play for a win, I would have to choose an unusual and risky opening to
avoid running into lengthy preparation. As a first step I decided to open with
1.d4 instead of my usual 1.e4.} 1. d4 Nf6 2. c4 e6 3. Nc3 Bb4 4. Nf3 c5 5. g3
cxd4 6. Nxd4 O-O 7. Bg2 d5 {Up to this point all moves are common opening
theory, although neither of us seems to have played this position before. With
my next move, which is played rather rarely in this position, I hoped to take
him out of his book.} 8. Nc2 $5 Bxc3+ 9. bxc3 Qc7 (9... dxc4 10. Ba3 Re8 11.
Qxd8 Rxd8 12. Ne3 $14) 10. cxd5 Nxd5 11. Nb4 Nxb4 {I think Black should have
taken on c3, which leads to an equal position.} (11... Qxc3+ 12. Bd2 Qf6 13.
Bxd5 (13. Nxd5 exd5 14. O-O Nc6 15. Bxd5 Rd8) 13... exd5 14. Nxd5 Qd8 15. Bf4 (
15. Bb4 Re8 16. Ne7+ Kh8 $11) 15... Qa5+ 16. Qd2 Qxd2+ 17. Bxd2 Na6 $11) 12.
cxb4 Rd8 13. Qb3 Nc6 14. O-O (14. Be3 $5 e5 (14... Nd4 15. Bxd4 Rxd4 16. e3)
15. O-O Be6 16. Qb2 Bd5) 14... Nd4 15. Qb2 e5 (15... Qc4 16. e3 Ne2+ 17. Kh1
Bd7 18. Qb3 Bb5 $11) 16. Be3 Bg4 17. Rac1 Qd7 18. f3 Bh3 19. Rfd1 Bxg2 20. Kxg2
Qe6 21. Rc7 b6 {Here I spent a lot of time assessing the position and
calculating lines. I felt that 22.Bxd4 would be good for White but that the
resulting endgame would be too difficult to win and after some (mis-)
calculation came to the conclusion that 22.a4 is stronger. Later I realised
that things are actually far from clear.} 22. a4 $6 (22. Bxd4 $1 Rxd4 23. Rxd4
exd4 24. Qc2 $14) 22... Nf5 23. Rxd8+ Rxd8 24. Bf2 (24. Bg1 $5 h5 (24... e4 25.
Qc2 exf3+ 26. exf3 h5 $11) 25. Qc2 $1 (25. Rxa7 e4 26. Qc2 exf3+ 27. exf3 g5 $1
)) 24... e4 {When calculating 22.a4 I had overlooked that White after 25.Rxa7
e3 26.Be1 Qc4 would have the crushing 27.a5!} {As I did not see 27.a5, I went
for the moderate} 25. Qc2 ({However, later, when using the engine, I
discovered that after} 25. Rxa7 {Black can still maintain the tension with} h5
(25... e3 26. Be1 Qc4 27. a5 $1 b5 28. Kf1 Nd4 29. Re7 Nxf3 30. Qc3 $16) 26.
Rc7 exf3+ 27. exf3 h4 $13) 25... e3 (25... exf3+ 26. exf3 Ne3+ 27. Bxe3 Qxe3
28. Rd7 Re8 $1 $11) 26. Be1 h5 $1 {Here I had little time left and from a
purely objective point of view I should have kept the position more or less
balanced with 27.a5 instead of going for complications.} 27. Rxa7 $6 (27. a5 $1
h4 (27... bxa5 28. bxa5 a6 29. Rc5 $14) (27... Nd4 28. Qd3 Qe8 29. Qa6 $16) 28.
gxh4 (28. g4 h3+ $13) 28... Nd4 29. Qd3 Qe8 (29... Qa2 30. Qxe3 $16) 30. Qe4
Nxe2 31. Rxa7 bxa5 32. bxa5 (32. Qxe8+ Rxe8) 32... Qxe4 33. fxe4 Rd1 $11) 27...
Nd4 28. Qe4 Qc4 29. Qxe3 $2 ({Here I should have played} 29. Qd3 {to go for a
draw.} Qc1 (29... Qxd3 30. exd3 Rc8 31. Re7 Rc2+ 32. Kf1 Nxf3 33. Rxe3 Nxh2+
34. Kg1 g5 $11) 30. Bc3 Nc6 31. Rd7 Rxd7 32. Qxd7 Qxc3 33. Qe8+ Kh7 34. Qxf7
Qe5 35. Qb7 $11) 29... Nc2 30. Qe7 Nxe1+ 31. Kf2 Qd4+ $2 {I think Black played
this move too fast.} ({If he had spent a bit more time he might have found} 
31... Rd1 $1 {which probably wins:} 32. Qe8+ (32. Rd7 Rxd7 33. Qxd7 Nc2 34. a5
bxa5 35. Qe8+ Kh7 36. bxa5 Qc5+ 37. e3 Qc3 $19) 32... Kh7 33. Qe4+ Qxe4 34.
fxe4 Nc2 35. Rxf7 Ra1 (35... Nxb4 36. Rf5) 36. a5 bxa5 37. bxa5 Nd4 $17) 32.
Kf1 Nc2 $2 ({I believe Black by now had realised that 31...Qd4 was a mistake.
Probably still in a state of psychological shock he did not find the drawing
move} 32... Rf8 $1 33. Kxe1 Qg1+ 34. Kd2 Qd4+ 35. Kc2 Qc4+ $11) 33. Qxf7+ Kh8
34. Qxh5+ Kg8 35. Qf7+ Kh8 36. Qh5+ Kg8 37. Qf7+ Kh8 38. Kg2 $1 {Because we
had only three more moves to play before the first time control and the
position still offered good prospects, I decided to avoid the three-fold
repetition to continue fighting.} Ne3+ 39. Kh3 Kh7 40. Qh5+ Kg8 41. Re7 Rf8 42.
a5 bxa5 43. bxa5 Nd5 44. Qe5 Qxe5 45. Rxe5 Nb4 46. Re4 (46. Rb5 Nc2) (46. Rc5
Ra8 47. Kg2 Ra6 48. Rb5 Nc2 49. Kf2 Nd4 50. Rb4 Nf5 51. e4 Ne7 52. Rb5 Ra7 $16)
46... Nd5 (46... Nc6 47. a6 Ra8 48. Ra4 Ra7 49. e4 Nb8 50. Rb4 Nxa6 51. Ra4 Ra8
52. Kg4 Nc7 53. Rxa8+ Nxa8 54. f4 $16) 47. Rc4 Rf6 48. Rc5 Rf5 49. Rc8+ Kf7 50.
a6 Ne3 51. g4 Ra5 52. Rc7+ Kf6 53. Rc6+ $6 ({Here I missed a direct tactical
win:} 53. a7 $1 Nd5 54. g5+ $1 Kxg5 (54... Kg6 55. Rc5 Nf4+ 56. Kg4 $18) 55.
Rc5 Rxc5 56. a8=Q Nf4+ 57. Kg3 Nxe2+ 58. Kf2 Nf4 59. Qd8+ Kh5 60. Qd7 $1 Rc2+
61. Ke3 Ng2+ 62. Kd3 Ne1+ 63. Ke4 Kg6 64. Qf5+ Kh6 65. Qh3+ Kg6 66. Qg3+ Kh7
67. Qxe1 Rxh2 68. f4 Rh6 69. f5 Rf6 70. Qh4+ Rh6 71. Qg5 $18) 53... Kf7 54. Kg3
g5 55. h4 gxh4+ 56. Kxh4 Nd5 57. e4 $2 {To be honest, I overestimated White's
advantage. After this careless move the position is again unclear.} (57. g5 $1
$18 {would have been much stronger.}) 57... Ne7 58. Rb6 Ng6+ 59. Kg3 Ra3 60. g5
Ne5 61. Rf6+ Ke7 (61... Kg7 $1 {is probably better.}) 62. Kg2 Nd3 63. Rh6 $2 ({
I didn't see} 63. f4 $1 Nc5 64. f5 Nxa6 (64... Rxa6 65. Rxa6 Nxa6 66. Kf3 $18)
65. Re6+ Kf8 66. Rc6 Nb4 67. Rc8+ Kg7 68. Rc7+ Kg8 69. g6 Nd3 70. Kf3 $18)
63... Ra5 64. a7 (64. Kh3 Rxg5 65. Rh8 Ne5 66. Re8+ Kxe8 67. a7 Nxf3 68. a8=Q+
Kf7 $11) 64... Rxg5+ 65. Kf1 Rg8 66. Ke2 {After the pendulum has swung back
and forth throughout the game, Black now makes the crucial mistake.} Ne5 $2 ({
Instead} 66... Nf4+ $1 {would have secured the draw.} 67. Ke3 Ne6 $11 68. e5
Kd7 $11) 67. f4 Nd7 68. Ra6 Ra8 69. Ke3 Nc5 (69... Kd8 70. Kd4 Kc7 71. e5 Kb7
72. Ra1 $18) 70. Ra1 $18 Nb7 (70... Ne6 71. e5 Nc7 (71... Nd8 72. Ra6 Kd7 73.
f5 Nc6 74. e6+ Kc7 75. f6 $18) 72. Ke4 Nb5 73. Ra5 Nxa7 74. f5 $18) 71. e5 Nd8
72. Ra6 Kd7 73. f5 Nc6 74. e6+ {Basically White can always sacrifice his rook
for Black's knight. Black's rook and the king on c6 cannot stop White's
connected e- and f-pawns.} Kc7 (74... Kd6 75. f6 Rxa7 76. Rxc6+ Kxc6 77. f7 $18
) 75. f6 $18 Nb4 (75... Kb7 76. Rxc6 Kxc6) 76. f7 Kb7 77. Rd6 {Finally after
five hours and lots of ups and downs, I brought home the full point. This
victory gave me the opportunity to play a tie-break against Magnus Carlsen.}
1-0

[Event "Olympiad-31"]
[Site "Moscow"]
[Date "1994.12.09"]
[Round "8.2"]
[White "Zvjaginsev, Vadim"]
[Black "Ehlvest, Jaan"]
[Result "1/2-1/2"]
[WhiteElo "2585"]
[BlackElo "2600"]
[Annotator "Zvjaginsev,V"]
[PlyCount "76"]
[EventDate "1994.12.01"]
[EventType "team-swiss"]
[EventRounds "14"]
[EventCountry "RUS"]
[SourceTitle "CBM 045"]
[Source "ChessBase"]
[SourceDate "1995.04.01"]
[SourceVersion "1"]
[SourceVersionDate "1995.04.01"]
[SourceQuality "1"]
[WhiteTeam "Russia II"]
[BlackTeam "Estonia"]
[WhiteTeamCountry "RUS"]
[BlackTeamCountry "EST"]

1. d4 Nf6 2. c4 e6 3. Nc3 Bb4 4. Nf3 c5 5. g3 Nc6 6. Bg2 Bxc3+ 7. bxc3 b6 {N/}
8. Bf4 Bb7 9. dxc5 bxc5 10. Rb1 Na5 11. Rb5 $1 Bc6 (11... Ne4 12. Qa4) 12. Rxc5
Qb6 (12... Ne4 13. Qd4 $1 Qb6 (13... Nxc5 14. Qxg7 $18) 14. Rxa5 $1 Qxa5 15.
Ne5 $16) (12... Nb7 13. Rg5 $5) 13. Be3 Qa6 14. Qd4 h6 $1 15. g4 Nb7 16. g5
hxg5 (16... Nxc5 17. gxf6 $18) 17. Rxg5 Qxa2 18. O-O Rh7 19. Ne5 $6 (19. Rxg7
$6 Rxg7 20. Qxf6 Rxg2+ 21. Kxg2 Qxe2 22. Qh8+ Ke7 23. Bg5+ Kd6 $10) (19. Rg3 $1
$16) 19... Bxg2 20. Rxg2 d6 $1 (20... Qxe2 21. Bg5) 21. Ng4 Nxg4 22. Qxg4 d5
23. cxd5 Qxd5 24. Qa4+ Qd7 25. Qe4 g6 (25... f5 $32) 26. f4 $1 (26. Rb1 Rd8 $3
$10) 26... f5 (26... Rd8 $2 27. f5 Nd6 28. Qe5 Nc4 (28... Nxf5 29. Rxf5) 29.
fxg6 $1 Nxe5 30. gxh7 $18) (26... Rh5 27. f5 $18) 27. Qe5 $2 (27. Qf3 Rc8 (
27... Kf7 28. Rb1) 28. Rxg6 $16) 27... Rh6 $1 $14 28. Rb1 Nd8 29. Bd4 Nc6 30.
Qf6 Nxd4 31. cxd4 Rd8 32. e3 Qe7 33. Qxe7+ $6 (33. Qe5 $14) 33... Kxe7 34. Rb7+
Rd7 35. Rxd7+ Kxd7 36. Ra2 Ke7 37. Rxa7+ Kf6 $10 38. Kg2 Rh4 1/2-1/2